Tamil̲aka varalāru. (Record no. 88364)

MARC details
000 -LEADER
fixed length control field 00637cam a22002411 4500
001 - CONTROL NUMBER
control field sa 68018376
003 - CONTROL NUMBER IDENTIFIER
control field DLC
005 - DATE AND TIME OF LATEST TRANSACTION
control field 20260227112711.0
008 - FIXED-LENGTH DATA ELEMENTS--GENERAL INFORMATION
fixed length control field 890724s1968 ii b b 000 0 tamo
010 ## - LIBRARY OF CONGRESS CONTROL NUMBER
LC control number sa 68018376
035 ## - SYSTEM CONTROL NUMBER
System control number (OCoLC)20061415
040 ## - CATALOGING SOURCE
Original cataloging agency DLC
Transcribing agency WaU
Modifying agency DLC
043 ## - GEOGRAPHIC AREA CODE
Geographic area code a-ii---
050 00 - LIBRARY OF CONGRESS CALL NUMBER
Classification number DS485.M28
Item number K85
100 0# - MAIN ENTRY--PERSONAL NAME
Personal name Kul̲antai,
Titles and words associated with a name Pulavar,
Dates associated with a name 1906-1972.
245 10 - TITLE STATEMENT
Title Tamil̲aka varalāru.
260 ## - PUBLICATION, DISTRIBUTION, ETC.
Date of publication, distribution, etc. 1968.
300 ## - PHYSICAL DESCRIPTION
Extent 12, 272 p.
Other physical details maps.
Dimensions 18 cm.
500 ## - GENERAL NOTE
General note In Tamil.
504 ## - BIBLIOGRAPHY, ETC. NOTE
Bibliography, etc. note Bibliography: p. 8 (1st group)
651 #0 - SUBJECT ADDED ENTRY--GEOGRAPHIC NAME
Geographic name Chennai (India)
General subdivision History.
740 0# - ADDED ENTRY--UNCONTROLLED RELATED/ANALYTICAL TITLE
Uncontrolled related/analytical title Koṅku nāṭṭu varalāru.

No items available.

Powered by Koha